Aspectos dinámicos de la inflación estructural (Registro nro. 16066)

Detalles MARC
000 -LEADER
fixed length control field 00341 a2200109 4500
001 - CONTROL NUMBER
control field ART_2919
005 - DATE AND TIME OF LATEST TRANSACTION
control field 20260410161711.0
008 - FIXED-LENGTH DATA ELEMENTS--GENERAL INFORMATION
fixed length control field 260409a
100 1# - MAIN ENTRY--PERSONAL NAME
Personal name Olivera, Julio H.G.
245 10 - TITLE STATEMENT
Title Aspectos dinámicos de la inflación estructural
773 0# - HOST ITEM ENTRY
Title Desarrollo económico
Related parts - Vol. 7, Nº 27 (oct./dic. 1967)
Record control number REV1174

No hay ítems disponibles.